Statistics for Where are you most likely to see a UFO?

Click here to take the quiz!

General Stats

  • This quiz has been taken 19 times
  • The average score is 11 of 15

Answer Stats

HintAnswer% Correct
15,401California
94%
5,786Texas
94%
4,721Arizona
88%
7,749Florida
88%
5,590New York
88%
6,866Washington
82%
4,102Illinois
71%
3,384Oregon
71%
3,470Michigan
65%
4,730Pennsylvania
65%
4,234Ohio
59%
3,075Colorado
53%
2,677Missouri
53%
2,736New Jersey
53%
3,461North Carolina
47%

Score Distribution

Percentile by Number Answered

Percent of People with Each Score

Your Score History

You have not taken this quiz